00245nam a2200109Ia 4500008004100000100002000041245002100061260000900082650002000091942000700111999001700118190216s9999||||xx |||||||||||||| ||und|| aThayat Sankaran 0aAnther Darshanam bNull aEssay Malayalam cBK c25384d25384